| 000 | 00798nam a22002177a 4500 | ||
|---|---|---|---|
| 999 |
_c4936 _d4936 |
||
| 003 | AR-CdUCM | ||
| 008 | 190311b ||||| |||| 00| 0 spa d | ||
| 020 | _a84-7561-784-0 | ||
| 040 |
_aMUNICIPALIDAD PROVINCIAL DEL CUSCO _cBIBLIOTECA MUNICIPAL DEL CUSCO |
||
| 082 |
_a199.4 / _bB45 |
||
| 100 |
_aBerman, Franz _915138 |
||
| 245 | _aLa telepatía / | ||
| 260 |
_aPerú : _bEdiciones Dalmau Socías, |
||
| 300 |
_a151 páginas ; _bilustraciones, _c21 cm. |
||
| 505 | _aContenido: Historia resumida de la telepatía -- Los pioneros de la telepatía -- Las relaciones entre telepatía e hipnosis -- La hipnosis -- Ensueños psi provocados y controlados ... | ||
| 650 |
_aTelepatía _915139 |
||
| 650 |
_aClarividencia _915140 |
||
| 650 |
_aHipnosis _915141 |
||
| 942 |
_2ddc _cLIBROS |
||
| 945 | _aachl | ||